000 00254nam a22000857a 4500
008 160907b xxu||||| |||| 00| 0 eng d
100 _9314
_aJain, A.K., et al
245 _aBasic Health and Physical Education - 8
260 _aNew Delhi
_bAvichal publication
_c2008
999 _c2974
_d2974